Music Quiz

Random Music or Kpop Quiz

SHINee Discography Quiz Stats

 Plays Quiz not verified by Sporcle

Score 0/149 Timer 20:00
1 Play Today
Hint Answer % Correct
Replay누난너무예뻐(Replay)
97.4%
Lucifer루시퍼(Lucifer)
95.4%
Juliette줄리엣(Juliette)
94.3%
Sherlock셜록(Sherlock) Clue+Note
94.3%
HelloHello
93.8%
EverybodyEverybody
93.8%
1Of11Of1
93.4%
Married To The MusicMarried To The Music
92.9%
A.Mi.Go아.미.고(A.Mi.Go)
91.8%
Dream Girl-The Misconceptions Of YouDream Girl
91.6%
OddView
90.7%
She Is[Jonghyun]좋아(She Is)
88.5%
Why So Serious-The Misconceptions Of MeWhy So Serious
88.1%
2009 Year Of Us링딩동(Ring Ding Dong)
87.4%
Press It[Taemin]Press Your Number
86.3%
Ace[Taemin]괴도(Danger)
85.2%
1And1Tell Me What To Do
81.9%
Why So Serious-The Misconceptions Of MeSHINe(Medisa I)
81.5%
Goodbye[Taemin]Goodbye
80.8%
Ace[Taemin]Ace
79.9%
OddOdd Eye
78.4%
The SHINee WorldSHINee World(Doo Bop)
78.1%
Press It[Taemin]Drip Drop
75.3%
SherlockClue
74.8%
SherlockNote
73.7%
The SHINee World산소 같은 너(Love Like Oxygen)
73.5%
2009 Year Of UsY.O.U(Year Of Us)
72.8%
Base[Jonghyun]Crazy(Guilty Pleasure)
72%
Dream Girl-The Misconceptions Of You아름다워(Beautiful)
70%
1Of1Prism
69.5%
Hello하나(One)
65.8%
EverybodyColorful
64.5%
OddWoof Woof
64.2%
Base[Jonghyun]데자-부(Deja-Boo)
63.8%
She Is[Jonghyun]White T-Shirt
63.8%
Ace[Taemin]Pretty Boy
63.6%
Why So Serious-The Misconceptions Of MeEvil
62.9%
Everybody상사병(Symptoms)
62.7%
OddLove Sick
62.7%
2009 Year Of UsJoJo
61.8%
Juliette소년, 소녀를 만나다(Romeo+Juliette)
61.6%
1Of1Feel Good
60.9%
1Of1Lipstick
60.7%
Married To The MusicChocolate
59.4%
OddTrigger
59.2%
Dream Girl-The Misconceptions Of YouSpoiler
58.5%
Dream Girl-The Misconceptions Of YouGirls Girls Girls
58.3%
ReplayIn My Room
57.8%
LuciferA-Yo
57.8%
Sherlock알람시계(Alarm Clock)
57.4%
Hint Answer % Correct
Press It[Taemin]Soldier
57%
Why So Serious-The Misconceptions Of MeNightmare
56.5%
Everybody빗 속 뉴욕(Queen Of New York)
55.8%
Press It[Taemin]Sexuality
55%
She Is[Jonghyun]Moon
54.7%
Odd제안(An Encore)
54.5%
OddBlack Hole
53.9%
1Of1Shift
53.9%
Odd너의 노래가 되어(An Ode To You)
53.6%
Married To The MusicSavior
53.2%
Dream Girl-The Misconceptions Of You히치하이킹(Hitchhiking)
52.3%
Dream Girl-The Misconceptions Of You다이너마이트(Dynamite)
52.3%
The Misconceptions Of Us너와 나의 거리(Selene 6.23)
52.3%
OddAlive
52.1%
1Of1투명 우산(Don't Let Me Go)
51%
LuciferWowowow
50.8%
Sherlock늘 그 자리에(Honesty)
50.8%
1Of1So Amazing
50.8%
She Is[Jonghyun]Red
50.6%
The SHINee World너 아니면 안되는 걸(Romantic)
50.3%
LuciferUp&Down
50.1%
Lucifer화살(Quasimodo)
50.1%
Why So Serious-The Misconceptions Of MeExcuse Me Miss
50.1%
Lucifer욕 [慾](Obsession)
49.9%
OddRomance
49.9%
Replay사.계.한(Love Should Go On)
49.4%
Dream Girl-The Misconceptions Of You방백(Aside)
49.4%
Why So Serious-The Misconceptions Of Me오르골(Orgel)
49.4%
Why So Serious-The Misconceptions Of MeLike A Fire
49.2%
She Is[Jonghyun]Aurora
48.6%
She Is[Jonghyun]Dress Up
48.6%
Dream Girl-The Misconceptions Of YouPunch Drunk Love
48.3%
She Is[Jonghyun]우주가 있어(Orbit)
47.9%
Everybody닫아줘(Close The Door)
47.7%
Lucifer사.계.후(Love Still Goes On)
47.2%
Everybody1분만(One Minute Back)
47%
1And1한마디(Beautiful Life)
46.6%
The SHINee World헤야(Y Si Fuera Ella)
46.4%
Dream Girl-The Misconceptions Of YouRunaway
46.4%
EverybodyDestination
46.4%
She Is[Jonghyun]Suit Up
46.4%
SherlockThe Reason
45.9%
She Is[Jonghyun]Cocktail
45.9%
2009 Year Of UsGet Down
45.7%
2009 Year Of UsSHINee Girl
45.7%
LuciferLife
45.5%
1Of1U Need Me
45.5%
LuciferElectric Heart
45%
Why So Serious-The Misconceptions Of MeDangerous(Medusa II)
45%
Why So Serious-The Misconceptions Of MeSleepless Night
45%
Hint Answer % Correct
1Of1Don't Stop
44.8%
Juliette세뇨리따(Senorita)
44.6%
LuciferReady Or Not
44.6%
Story Op. 1[Jonghyun]하루의 끝(End Of A Day)
43.9%
Odd이별의 길(Farewell My Love)
43.5%
1And1Rescue
43%
1And1별빛 바램(Wish Upon A Star)
42.6%
Juliette잠꼬대(Please, Don't Go)
42.2%
1And1If You Love Her
41.9%
The SHINee World화장을 하고(Graze)
41.7%
Married To The MusicHold You
41.7%
ReplayReal
41.5%
LuciferYour Name
40.6%
Press It[Taemin]Guess Who
40.4%
HelloGet It
39.7%
The SHINee World눈을 감아보면(Four Seasons)
39.5%
Ace[Taemin]Experience
39.3%
Base[Jonghyun]Love Belt
39.1%
A.Mi.GoForever Or Never
38.9%
Juliette차라리 때려(Hit Me)
38.6%
Lucifer악(Shout Out)
38.6%
Base[Jonghyun]Neon
37.7%
Base[Jonghyun]일인극(Mono-Drama)
37.7%
The SHINee World사랑의 길(Love's Way)
36.9%
Ace[Taemin]거절할게(Wicked)
36.9%
2009 Year Of Us내가 사랑했던 이름(The Name)
36.2%
Press It[Taemin]벌써(Already)
36.2%
Story Op. 1[Jonghyun]Happy Birthday
36%
The SHINee World내 곁에만 있어(Best Place)
35.8%
Press It[Taemin]Mystery Lover
35.8%
Story Op. 1[Jonghyun]U&I
35.3%
The SHINee World마지막 선물(Last Gift)
34.7%
Press It[Taemin]최면(Hypnosis)
34.7%
LuciferLove Pain
34.4%
Ace[Taemin]소나타(Play Me)
34.4%
Press It[Taemin]One By One
34%
Juliette니가 맘에 들어(Talk To You)
33.8%
The SHINee World그녀가 헤어졌다(One For Me)
30.9%
Base[Jonghyun]시간이 늦었어(Beautiful Tonight)
30.5%
Story Op. 1[Jonghyun]미안해(I'm Sorry)
28.9%
Story Op. 1[Jonghyun]Like You
28.3%
Story Op. 1[Jonghyun]그래도 되지 않아?(Fine)
26.5%
Story Op. 1[Jonghyun]내일쯤(Maybe Tomorrow)
26.5%
Story Op. 1[Jonghyun]02:34
26%
Story Op. 1[Jonghyun]산하엽(Diphylleia Grayi)
25.2%
Sherlock낯선자(Strangers)
22.1%
The Misconceptions Of Us버리고 가(Away)
12.1%
Base[Jonghyun]할렐루야(Hallelujah)
5.7%
Press It[Taemin]오늘까지만(Until Today)
4.2%

You're not logged in!

Compare scores with friends on all Sporcle quizzes.
OR
Log In

Sporcle TV

Today on Sporcle TV


Watch our educational content, quiz creation guides, and fun videos on Sporcle TV.

Show Comments

Extras

Top Quizzes Today


Score Distribution

Your Account Isn't Verified!

In order to create a playlist on Sporcle, you need to verify the email address you used during registration. Go to your Sporcle Settings to finish the process.

Report this User

Report this user for behavior that violates our Community Guidelines.

Details: